[Event "TUR-ch Veterans 2020"]
[Site "Antalya-Belek"]
[Date "2020.01.25"]
[Round "9"]
[White "Hatipoglu, Metin"]
[Black "Tofan, Ibrahim"]
[Result "0-1"]
[WhiteElo "1570"]
[BlackElo "2082"]
[Annotator "NA RC"]
[PlyCount "116"]
[EventDate "2020.01.19"]
[EventCountry "TUR"]
[SourceTitle "playchess.com"]
[Source "ChessBase"]
[SourceQuality "1"]
[TimeControl "5400+30"]

{[%evp 8,111,14,10,32767,-13,10,32767,32767,-50,-20,-27,-34,-74,32767,32767,32767,-45,-38,-114,-104,-97,-100,-104,-88,-91,-94,-93,-78,-104,32767,-87,-90,-97,-76,32767,32767,-114,32767,32767,32767,-87,32767,32767,32767,-118,-71,32767,-110,-205,-232,32767,32767,32767,32767,32767,32767,32767,0,-141,-97,32767,-43,32767,32767,32767,32767,32767,32767,32767,-79,-147,-107,32767,-32,-149,-152,-235,-225,-191,-244,-315,-320,-300,-315,-331,-341,-361,32767,32767,32767,-591,-654,-729,-770,-727,32767,32767,-779,-677,32767,32767,-660,-514,-821,-690]} 1. e4 {[%emt 0:00:30]} d6 {[%emt 0:00:30]} 2. c4 {[%emt 0:00:30]} Nf6 {[%emt 0:01:30]} 3. Nc3 {[%emt 0:00:00]} c5 {[%emt 0:01:30]} 4. Nge2 {[%emt 0:05:00]} e5 {[%emt 0:04:30]} (4... Qa5 5. g3 h5 6. h3 Nc6 7. Bg2 Nd4 8. O-O h4 9. g4 Nxg4 10. hxg4 h3 11. Bh1 h2+ 12. Kg2 Bxg4 {1-0 (66) Liang,J (2455)-Liu,Q (2503) Beijing 2017}) 5. d3 {[%emt 0:01:30]} Nc6 {[%emt 0:00:30]} 6. h3 {[%emt 0:03:30] A34: Symmetrical English: 2 Nc3, lines with ...d5} Be6 {[%emt 0:06:30]} 7. Bg5 $146 {[%emt 0:03:30]} ({Predecessor:} 7. f4 g6 8. g4 exf4 9. Bxf4 Ne5 10. Bg2 Bg7 11. Qd2 a6 12. O-O O-O 13. g5 {0-1 (13) Kabajyan,K-Nikolishvili,Z (2150) Tbilisi 2002}) 7... Be7 {[%emt 0:00:30]} 8. Qd2 {[%emt 0:04:30]} h6 {[%emt 0:02:30]} 9. Bxf6 {[%emt 0:05:30]} Bxf6 {[%emt 0:00:30]} 10. Nd5 {[%emt 0:08:30]} Bg5 {[%emt 0:03:30]} 11. Qc2 {[%emt 0:04:30]} Bxd5 {[%emt 0:02:30]} 12. exd5 {[%emt 0:02:30]} Qa5+ {[%emt 0:07:30]} 13. Nc3 {[%emt 0:06:30]} (13. Qc3 $11 {remains equal.} Nb4 14. Kd1) 13... Nd4 {[%emt 0:02:30]} 14. Qd1 {[%emt 0:01:30]} b5 {[%emt 0:01:30]} 15. cxb5 {[%emt 0:01:30]} Nxb5 {[%emt 0:18:30]} 16. Qa4 {[%emt 0:01:30]} Qxa4 {[%emt 0:00:00]} 17. Nxa4 {[%emt 0:00:00]} Nd4 {[%emt 0:02:00]} 18. Kd1 {[%emt 0:02:00]} f5 {[%emt 0:00:30]} 19. h4 {[%emt 0:00:30]} Bf6 {[%emt 0:01:30]} 20. g3 {[%emt 0:07:30]} Rb8 {[%emt 0:00:30]} 21. Rb1 {[%emt 0:01:30]} O-O {[%emt 0:03:30]} 22. Bg2 {[%emt 0:01:30]} Rb4 {[%emt 0:03:30]} 23. b3 {[%emt 0:02:30]} Nb5 {[%emt 0:01:30]} 24. Rc1 {[%emt 0:03:30]} e4 {[%emt 0:04:30]} 25. dxe4 {[%emt 0:01:30]} fxe4 {[%emt 0:01:30]} 26. Ke2 {[%emt 0:12:03]} Nc7 {[%emt 0:05:30]} (26... Nd4+ $142 27. Ke3 {[#]} Nxb3 $1 {[%mdl 512]} 28. axb3 Rxb3+ 29. Kd2 Bd4) 27. Rhd1 {[%emt 0:03:25]} Bd4 {[%emt 0:00:30]} 28. f3 {[%emt 0:03:40]} (28. Rf1 $17 {was necessary.}) 28... Nxd5 {[%emt 0:00:30]} 29. f4 {[%emt 0:04:26]} Ne3 {[%emt 0:02:30]} 30. Rxd4 {[%emt 0:00:34]} cxd4 {[%emt 0:00:30]} 31. Bxe4 $1 $11 {[%emt 0:00:34] remains equal.} Nf5 {[%emt 0:05:11]} 32. Kf3 {[%emt 0:01:20] [#]} Ne3 {[%emt 0:05:41]} ({Black should play} 32... g5 $1 $17 33. hxg5 (33. fxg5 hxg5) 33... hxg5) 33. h5 {[%emt 0:00:50]} d5 {[%emt 0:00:31]} 34. Bg6 {[%emt 0:00:42] [#]} Nc4 $1 {[%emt 0:03:04]} 35. Nc5 {[%emt 0:02:21]} Ne5+ {[%emt 0:00:48]} 36. Kg2 {[%emt 0:00:59]} Nxg6 {[%emt 0:00:30]} 37. hxg6 {[%emt 0:00:00]} Rc8 {[%emt 0:00:22]} 38. Re1 {[%emt 0:00:00]} Rbb8 {[%emt 0:01:43]} ({Better is} 38... Rb6 $19 {has better winning chances.} 39. Re5 Rxg6 40. Rxd5 Rb6) 39. Nd7 {[%emt 0:00:44] [#]} (39. Ne6 $142) 39... Rb7 {[%emt 0:02:50]} ({Better is} 39... Rc2+ $1 $19 40. Kf3 Rbc8) 40. Nc5 {[%emt 0:02:39]} Rb5 $2 {[%emt 0:02:15] [#]} 41. Nd3 {[%emt 0:00:25]} (41. b4 $1 $15 {[%mdl 512]}) 41... Rc2+ {[%emt 0:00:41]} 42. Kf3 {[%emt 0:00:56] [#]} (42. Kh3 $17 {was necessary.} Kf8 43. b4) 42... Kf8 $1 {[%emt 0:01:00]} 43. Ne5 {[%emt 0:01:04]} Rb7 {[%emt 0:00:13]} 44. Rd1 {[%emt 0:00:43]} Rxa2 {[%emt 0:00:19]} 45. Rxd4 {[%emt 0:00:26]} Rxb3+ {[%emt 0:00:20]} 46. Kg4 {[%emt 0:00:11]} Rb5 {[%emt 0:01:39]} 47. Kf5 {[%emt 0:00:18]} Ra6 {[%emt 0:00:39]} 48. Nd3 {[%emt 0:01:12]} Rf6+ {[%emt 0:00:14]} 49. Ke5 {[%emt 0:00:26]} Rxg6 {[%emt 0:00:08]} 50. Nb4 {[%emt 0:01:15]} Rxg3 {[%emt 0:00:36]} 51. Nxd5 {[%emt 0:00:13]} Re3+ {[%emt 0:01:32]} 52. Kd6 {[%emt 0:00:28]} Re1 {[%emt 0:00:24]} 53. f5 {[%emt 0:01:14]} Kf7 {[%emt 0:00:18]} 54. Rc4 {[%emt 0:00:26]} Rxd5+ {[%emt 0:00:22]} 55. Kxd5 {[%emt 0:00:12]} Kf6 {[%emt 0:00:13]} 56. Ra4 $19 {[%emt 0:01:01]} a5 {[%emt 0:00:09]} 57. Kd6 {[%emt 0:00:56]} Re5 {[%emt 0:00:10]} 58. Rg4 {[%emt 0:00:39]} Rxf5 {[%emt 0:00:04]} 0-1

[Event "TUR-ch Veterans 2020"]
[Site "Antalya-Belek"]
[Date "2020.01.25"]
[Round "9"]
[White "Atas, Remzi"]
[Black "Bapoglu, Ibrahim"]
[Result "0-1"]
[WhiteElo "1498"]
[BlackElo "1576"]
[Annotator "NA RC"]
[PlyCount "182"]
[EventDate "2020.01.19"]
[EventCountry "TUR"]
[SourceTitle "playchess.com"]
[Source "ChessBase"]
[SourceQuality "1"]
[TimeControl "5400+30"]

1. d4 {[%emt 0:00:30]} Nf6 {[%emt 0:01:30]} 2. Nf3 {[%emt 0:00:00]} e6 {[%emt 0:00:30]} 3. c4 {[%emt 0:00:00]} d5 {[%emt 0:00:00]} 4. Nc3 {[%emt 0:00:30]} Bb4 {[%emt 0:00:00]} 5. Bg5 {[%emt 0:01:30]} h6 {[%emt 0:00:30]} 6. Bxf6 {[%emt 0:00:30]} Qxf6 {[%emt 0:00:30]} 7. e3 {[%emt 0:00:30]} O-O {[%emt 0:00:30]} 8. a3 {[%emt 0:00:30]} Bxc3+ {[%emt 0:00:30]} 9. bxc3 {[%emt 0:00:00]} Nd7 {[%emt 0:00:30]} 10. Bd3 {[%emt 0:03:00]} b6 {[%emt 0:01:30]} 11. cxd5 {[%emt 0:00:30]} exd5 {[%emt 0:00:30]} 12. O-O {[%emt 0:01:30]} Bb7 {[%emt 0:00:30]} 13. h3 {[%emt 0:00:30]} Rfe8 {[%emt 0:00:30]} 14. Nh2 {[%emt 0:01:30]} c5 {[%emt 0:00:30]} 15. Ng4 {[%emt 0:01:30]} Qd6 {[%emt 0:00:30]} 16. Qf3 {[%emt 0:03:30]} Re6 {[%emt 0:02:30]} 17. Bf5 {[%emt 0:04:30]} Re7 {[%emt 0:00:30]} 18. Rfe1 {[%emt 0:02:30]} h5 {[%emt 0:00:30]} 19. Nh2 {[%emt 0:00:30]} Nf6 {[%emt 0:00:30]} 20. Nf1 {[%emt 0:01:30]} g6 {[%emt 0:00:30]} 21. Bd3 {[%emt 0:01:30]} c4 {[%emt 0:01:30]} 22. Bc2 {[%emt 0:00:00]} Rae8 {[%emt 0:01:30]} 23. Ng3 {[%emt 0:00:00]} Bc8 {[%emt 0:02:30]} 24. e4 {[%emt 0:08:30]} dxe4 {[%emt 0:00:30]} 25. Nxe4 {[%emt 0:00:30]} Nxe4 {[%emt 0:00:30]} 26. Rxe4 {[%emt 0:00:30]} Bb7 {[%emt 0:01:30]} 27. Rxe7 {[%emt 0:00:30]} Rxe7 {[%emt 0:00:30]} 28. Qd1 {[%emt 0:01:30]} Qd5 {[%emt 0:00:30]} 29. f3 {[%emt 0:01:30]} Re3 {[%emt 0:01:30]} 30. Be4 {[%emt 0:01:30]} Qd7 {[%emt 0:00:30]} 31. Qd2 {[%emt 0:00:30]} Rxe4 {[%emt 0:00:30]} 32. fxe4 {[%emt 0:00:30]} Bxe4 {[%emt 0:00:30]} 33. Qf4 {[%emt 0:02:30]} f5 {[%emt 0:01:30]} 34. Kh2 {[%emt 0:02:30]} Qe7 {[%emt 0:02:30]} 35. a4 {[%emt 0:01:30]} g5 {[%emt 0:00:30]} 36. Qb8+ {[%emt 0:02:30]} Kh7 {[%emt 0:00:30]} 37. Rd1 {[%emt 0:01:30]} Qf7 {[%emt 0:01:30]} 38. Qe5 {[%emt 0:00:30]} g4 {[%emt 0:01:30]} 39. d5 {[%emt 0:02:30]} Qg6 {[%emt 0:00:30]} 40. Qf4 {[%emt 0:01:30]} gxh3 {[%emt 0:00:30]} 41. Qg3 {[%emt 0:00:30]} Qf7 {[%emt 0:02:30]} 42. d6 {[%emt 0:00:30]} Bd3 {[%emt 0:03:30]} 43. Qg5 {[%emt 0:01:30]} hxg2 {[%emt 0:01:30]} 44. Qe7 {[%emt 0:00:30]} Kg6 {[%emt 0:00:30]} 45. Qe5 {[%emt 0:03:30]} Qf6 {[%emt 0:01:30]} 46. Qe8+ {[%emt 0:04:30]} Kh6 {[%emt 0:00:30]} 47. Qe7 {[%emt 0:01:30]} Kg6 {[%emt 0:01:30]} 48. Qe8+ {[%emt 0:05:30]} Kh6 {[%emt 0:00:30]} 49. Qe3+ {[%emt 0:01:30]} f4 {[%emt 0:01:30]} 50. Qe7 {[%emt 0:01:30]} Kg6 {[%emt 0:01:30]} 51. Re1 {[%emt 0:02:30]} Bf5 {[%emt 0:02:30]} 52. d7 {[%emt 0:00:30]} Bxd7 {[%emt 0:01:30]} 53. Qxf6+ {[%emt 0:01:30]} Kxf6 {[%emt 0:00:00]} 54. Kxg2 {[%emt 0:00:00]} Bxa4 {[%emt 0:01:00]} 55. Kh3 {[%emt 0:01:00]} Kf5 {[%emt 0:01:30]} 56. Re7 {[%emt 0:00:30]} a5 {[%emt 0:01:30]} 57. Rb7 {[%emt 0:00:30]} Bd1 {[%emt 0:00:30]} 58. Rxb6 {[%emt 0:00:30]} Ke4 {[%emt 0:00:30]} 59. Rd6 {[%emt 0:00:30]} Bg4+ {[%emt 0:00:30]} 60. Kg2 {[%emt 0:00:30]} Ke3 {[%emt 0:00:30]} 61. Rf6 {[%emt 0:04:30]} a4 {[%emt 0:00:30]} 62. Rf7 {[%emt 0:00:30]} f3+ {[%emt 0:01:30]} 63. Kf1 {[%emt 0:01:30]} a3 {[%emt 0:00:30]} 64. Re7+ {[%emt 0:00:30]} Kd3 {[%emt 0:00:30]} 65. Ra7 {[%emt 0:00:30]} Kxc3 {[%emt 0:00:30]} 66. Rxa3+ {[%emt 0:01:30]} Kb2 {[%emt 0:00:30]} 67. Ra7 {[%emt 0:01:30]} c3 {[%emt 0:00:00]} 68. Rb7+ {[%emt 0:00:30]} Kc1 {[%emt 0:00:00]} 69. Rb6 {[%emt 0:01:30]} c2 {[%emt 0:01:30]} 70. Kf2 {[%emt 0:00:30]} Kd2 {[%emt 0:01:30]} 71. Rd6+ {[%emt 0:00:30]} Kc3 {[%emt 0:00:30]} 72. Rc6+ {[%emt 0:00:30]} Kb3 {[%emt 0:00:30]} 73. Rb6+ {[%emt 0:00:30]} Ka4 {[%emt 0:01:30]} 74. Rc6 {[%emt 0:00:30]} Bf5 {[%emt 0:00:30]} 75. Ke3 {[%emt 0:01:30]} Kb3 {[%emt 0:00:30]} 76. Rb6+ {[%emt 0:00:30]} Kc3 {[%emt 0:01:30]} 77. Rc6+ {[%emt 0:00:30]} Kb2 {[%emt 0:00:00]} 78. Rb6+ {[%emt 0:00:00]} Kc1 {[%emt 0:01:00]} 79. Kxf3 {[%emt 0:03:00]} Kd2 {[%emt 0:00:00]} 80. Rd6+ {[%emt 0:03:47]} Bd3 {[%emt 0:00:00]} 81. Rc6 {[%emt 0:00:25]} c1=Q {[%emt 0:01:30]} 82. Rxc1 {[%emt 0:00:30]} Kxc1 {[%emt 0:00:00]} 83. Ke3 {[%emt 0:00:27]} Bf5 {[%emt 0:02:00]} 84. Kf2 {[%emt 0:00:22]} Kd2 {[%emt 0:00:00]} 85. Kg2 {[%emt 0:00:30]} Ke3 {[%emt 0:00:00]} 86. Kg3 {[%emt 0:00:30]} Bg4 {[%emt 0:00:00]} 87. Kg2 {[%emt 0:00:45]} Kf4 {[%emt 0:00:00]} 88. Kf2 {[%emt 0:00:14]} Bh3 {[%emt 0:00:30]} 89. Kg1 {[%emt 0:00:30]} Kg3 {[%emt 0:00:30]} 90. Kh1 {[%emt 0:00:30]} Bf1 {[%emt 0:00:30]} 91. Kg1 {[%emt 0:00:30]} Bd3 {[%emt 0:00:00]} 0-1

[Event "TUR-ch Veterans 2020"]
[Site "Antalya-Belek"]
[Date "2020.01.25"]
[Round "9"]
[White "Ersoz, Celalettin"]
[Black "Cicek, Cemil"]
[Result "0-1"]
[WhiteElo "1229"]
[BlackElo "1940"]
[Annotator "NA RC"]
[PlyCount "72"]
[EventDate "2020.01.19"]
[EventCountry "TUR"]
[SourceTitle "playchess.com"]
[Source "ChessBase"]
[SourceQuality "1"]
[TimeControl "5400+30"]

1. d4 {[%emt 0:00:30]} d5 {[%emt 0:00:30]} (1... Nf6 2. Nf3 d6 3. e3 Bg4 4. Bc4 Nbd7 5. h3 Bh5 6. O-O d5 7. Be2 e6 8. c4 c6 9. cxd5 exd5 10. Nc3 {½-½ (10) Bhakti,K (2257)-Ivanov,M (2396) Novi Sad 2015}) 2. Nf3 {[%emt 0:00:30]} Nf6 {[%emt 0:00:00]} 3. c4 {[%emt 0:00:30]} c6 {[%emt 0:00:00]} 4. e3 {[%emt 0:01:30]} Bg4 {[%emt 0:00:30]} 5. Nc3 {[%emt 0:00:30]} e6 {[%emt 0:00:30]} 6. Be2 {[%emt 0:01:30]} Nbd7 {[%emt 0:00:30]} 7. cxd5 {[%emt 0:00:30]} exd5 {[%emt 0:00:00]} 8. O-O {[%emt 0:01:30]} Bd6 {[%emt 0:00:00]} 9. h3 {[%emt 0:00:30] D11: Slav Defence: 3 Nf3 sidelines and 3...Nf6 4 e3 Bg4} Bh5 {[%emt 0:00:30]} 10. Nh4 {[%emt 0:06:30]} Bg6 {[%emt 0:02:30]} 11. Nxg6 {[%emt 0:09:30]} hxg6 {[%emt 0:00:30]} 12. a3 {[%emt 0:01:30]} Rc8 $146 {[%emt 0:00:30]} ({Predecessor:} 12... Qe7 13. b4 Ne4 14. Nxe4 dxe4 15. Bb2 Qg5 16. f4 Qg3 {½-½ (48) Ghersinich,G (1944)-Babic,B (1885) Sibenik 2012}) 13. b4 {[%emt 0:00:30]} O-O {[%emt 0:01:30]} 14. Bb2 {[%emt 0:01:30]} Re8 {[%emt 0:00:30]} 15. Rc1 {[%emt 0:00:30]} Bb8 {[%emt 0:00:30]} 16. Rc2 {[%emt 0:13:30]} Qc7 {[%emt 0:02:30]} 17. g3 {[%emt 0:00:30]} Rxe3 {[%emt 0:00:30]} 18. Bf3 {[%emt 0:02:30]} Re7 {[%emt 0:01:30]} 19. Re1 {[%emt 0:01:30]} Rce8 {[%emt 0:00:30]} 20. Rxe7 {[%emt 0:00:30]} Rxe7 {[%emt 0:00:30]} 21. Re2 {[%emt 0:00:30]} Qd8 {[%emt 0:00:30]} 22. Rxe7 {[%emt 0:01:30]} Qxe7 {[%emt 0:01:30]} 23. Qe2 {[%emt 0:00:00]} Qd8 {[%emt 0:00:30]} 24. Nd1 {[%emt 0:11:00]} Nf8 {[%emt 0:01:30]} 25. Ne3 {[%emt 0:00:30]} Ne6 {[%emt 0:01:30]} 26. Qd3 {[%emt 0:05:30]} Ng5 {[%emt 0:02:30]} 27. Bg2 {[%emt 0:00:30]} Qd7 {[%emt 0:01:30]} 28. h4 {[%emt 0:05:30]} Nge4 {[%emt 0:00:30]} 29. Bc1 {[%emt 0:02:30]} Qe6 {[%emt 0:01:30]} 30. Qf1 $17 {[%emt 0:02:30]} Ne8 {[%emt 0:00:30]} 31. Bh3 {[%emt 0:00:30]} f5 {[%emt 0:00:30]} 32. Ng2 {[%emt 0:01:30]} Nc3 {[%emt 0:02:30]} 33. Be3 {[%emt 0:03:30]} Nf6 {[%emt 0:01:30]} 34. Nf4 {[%emt 0:01:30]} Bxf4 {[%emt 0:00:30]} 35. Bxf4 {[%emt 0:00:30]} Ne2+ {[%emt 0:00:30]} 36. Kh2 {[%emt 0:01:30]} Nxf4 {[%emt 0:00:30]} 0-1